Statistics for Flags of OPEC countries

Click here to take the quiz!

General Stats

  • This quiz has been taken 66 times
  • The average score is 11 of 13

Answer Stats

Answer% Correct
Venezuela
95%
Angola
93%
Iran
93%
Iraq
93%
Saudi Arabia
93%
Algeria
92%
Nigeria
92%
Kuwait
85%
United Arab Emirates
85%
Libya
83%
Gabon
78%
Equatorial Guinea
75%
Republic of the Congo
75%

Score Distribution

Percentile by Number Answered

Percent of People with Each Score

Your Score History

You have not taken this quiz